000 00724nam a2200277Ia 4500
003 OSt
005 20221006142715.0
006 a|||||r|||| 00| 0
007 ta
008 221006b |||||||| |||| 00| 0 eng d
020 _a9780356107738
_cP15.00
024 _a6,990
037 _cTextual
040 _aEASL
_cEASL
_beng
041 _2eng
_aeng
082 _aQ40bB9:995.42.N8, M5
100 _aIKEDA Daisaku
245 0 _aBuddhism and the cosmos
260 _aLondon
_bMacdonald
_c1985
300 _a368p.
_ccm.
490 _v Gen
650 _a Gen
650 _aCosmology buddhist
_9648222
942 _hQ40bB9:995.42.N8, M5
_cTEXL
_2CC
999 _c1075076
_d1075076